[Event "Box Hill op"]
[Site "Box Hill"]
[Date "2001.10.05"]
[Round "5.42"]
[White "Hickman, Casey"]
[Black "Tham, Christopher"]
[Result "1-0"]
[WhiteElo "1014"]
[BlackElo "675"]
[PlyCount "55"]
[EventDate "2001.09.??"]
[EventType "swiss"]
[EventRounds "7"]
[EventCountry "AUS"]
[SourceTitle "EXT 2003"]
[Source "ChessBase"]
[SourceDate "2002.11.25"]
[SourceVersion "1"]
[SourceVersionDate "2002.11.25"]
[SourceQuality "1"]

1. e4 e5 2. d4 exd4 3. c3 d6 4. Nf3 Bd7 5. Bc4 Qe7 6. 0-0 Nc6 7. cxd4 Qxe4 8. Re1 f5 9. Ng5 Qxe1+ 10. Qxe1+ Be7 11. Nf7 Nh6 12. Nxh8 0-0-0 13. d5 Na5 14. Bd3 g6 15. Nxg6 hxg6 16. Qxe7 Re8 17. Qf7 Nxf7 18. Bd2 Ne5 19. Bc2 Nac4 20. Bc3 Bb5 21. a4 Nc6 22. axb5 Nxb2 23. bxc6 bxc6 24. Rxa7 Kb8 25. Ra3 cxd5 26. Rb3+ Kc8 27. Rxb2 d4 28. Ba5 1-0